15 Ciudades más grandes del Reino Unido en un mapa - Estadísticas

Estadísticas generales
  • Esta prueba ha sido intentada 91 veces
  • La puntuación promedio es 10 de 15
Respuestas en el mapa
Las respuestas están codificadas por una escala verde-roja en el mapa de la prueba según el % correcto abajo.
 
Estadísticas de respuestas
País Ciudad Población % Correcto
Inglaterra Londres 8,7 million
99%
Inglaterra Liverpool 510 mil
97%
Inglaterra Manchester 470 mil
97%
Szkocja Glasgow 630 mil
92%
Szkocja Edimburgo 510 mil
91%
Inglaterra Birmingham 1,1 million
86%
Walia Cardiff 350 mil
81%
Irlandia Północna Belfast 450 mil
80%
Inglaterra Leeds 530 mil
80%
Inglaterra Brístol 420 mil
54%
Inglaterra Sheffield 500 mil
44%
Inglaterra Leicester 410 mil
43%
Inglaterra Nottingham 300 mil
41%
Inglaterra Coventry 340 mil
27%
Inglaterra Bradford 330 mil
18%
No se encontraron pruebas coincidentes
Distribución de puntuación
Porcentaje de gente con cada puntuación
Porcentaje por número respondido
Historial de tus puntuaciones
No has intentado esta prueba.